000 00561nam a22001697a 4500
005 20251219131533.0
008 251219b |||||||| |||| 00| 0 eng d
020 _a9780830851447
040 _aKMU
_cKMU
_dKMU
_erda
050 _aBL240.R434
100 _aReeves, Josh A. and Donaldson, Steve
245 _aA Little Book for New Scientists:
_bWhy and How to Study Science /
_cReeves, Josh A. and Donaldson, Steve
260 _aDowners Grove;
_bInter Varsity Press,
_c2016.
300 _a140 pages:
_c18 cm.
650 _aReligion and science.
942 _2lcc
_cBK
_n0
999 _c2497
_d2497